Du statut d'agent de reservation a celui de conseiller client (notice n° 1660281)

détails MARC
000 -LEADER
fixed length control field 01805cam a2200169 4500500
005 - DATE AND TIME OF LATEST TRANSACTION
control field 20260208013532.0
041 ## - LANGUAGE CODE
Language code of text/sound track or separate title fre
042 ## - AUTHENTICATION CODE
Authentication code dc
100 10 - MAIN ENTRY--PERSONAL NAME
Personal name Mounier, Céline
Relator term author
245 00 - TITLE STATEMENT
Title Du statut d'agent de reservation a celui de conseiller client
260 ## - PUBLICATION, DISTRIBUTION, ETC.
Date of publication, distribution, etc. 2002.<br/>
500 ## - GENERAL NOTE
General note 32
520 ## - SUMMARY, ETC.
Summary, etc. L’article s’intéresse aux compétences que déploient les téléconseillères dans deux centres d’appel appartenant au secteur du tourisme. Il met l’accent sur une certaine agilité d’esprit ainsi que sur une forte capacité de mémorisation individuelle et collective, nécessaires pour satisfaire les clients et orienter leurs demandes en fonction des contraintes propres à l’organisation. Il tente de saisir comment les évolutions du système d’information, et notamment l’introduction de la gestion des relations clients (CRM), peuvent conduire à des évolutions fortes du métier de conseiller client au téléphone.
520 ## - SUMMARY, ETC.
Summary, etc. FROM THE STATUS OF RESERVATIONS AGENT TO THAT OF CUSTOMER-ADVISER Analysis of an occupational transition in two call centres This article considers the competencies deployed by tele-advisers in two call centres in the tourism sector. It highlights a form of mental agility and the large individual and collective capacity for memorization, needed to satisfy customers and orient their requirements in relation to the organization’s constraints. The author explains how developments in the information system, especially the introduction of customer relations management, can lead to radical changes in the work of customer advisers operating via the telephone.
786 0# - DATA SOURCE ENTRY
Note Réseaux | 114 | 4 | 2002-06-01 | p. 153-177 | 0751-7971
856 41 - ELECTRONIC LOCATION AND ACCESS
Uniform Resource Identifier <a href="https://shs.cairn.info/revue-reseaux1-2002-4-page-153?lang=fr&redirect-ssocas=7080">https://shs.cairn.info/revue-reseaux1-2002-4-page-153?lang=fr&redirect-ssocas=7080</a>

Pas d'exemplaire disponible.

PLUDOC

PLUDOC est la plateforme unique et centralisée de gestion des bibliothèques physiques et numériques de Guinée administré par le CEDUST. Elle est la plus grande base de données de ressources documentaires pour les Étudiants, Enseignants chercheurs et Chercheurs de Guinée.

Adresse

627 919 101/664 919 101

25 boulevard du commerce
Kaloum, Conakry, Guinée

Réseaux sociaux

Powered by Netsen Group @ 2025